El poder de la iglesia en la España contemporánea : (Record no. 115034)

MARC details
000 -LEADER
campo de control de longitud fija 01585cam a2200445 i 4500
003 - IDENTIFICADOR DE NÚMERO DE CONTROL
campo de control BJBSDDR
005 - FECHA Y HORA DE LA ÚLTIMA TRANSACCIÓN
campo de control 20230411090715.0
007 - CAMPO FIJO DE DESCRIPCIÓN FÍSICA--INFORMACIÓN GENERAL
campo de control de longitud fija ta
008 - DATOS DE LONGITUD FIJA--INFORMACIÓN GENERAL
campo de control de longitud fija 130425s2013 sp 000 0 spa
020 ## - NÚMERO INTERNACIONAL ESTÁNDAR DEL LIBRO
Número Internacional Estándar del Libro 9788483197899
020 ## - NÚMERO INTERNACIONAL ESTÁNDAR DEL LIBRO
Número Internacional Estándar del Libro 8483197898
035 ## - NÚMERO DE CONTROL DEL SISTEMA
Número de control de sistema (SP-BaPL)pu130551978
040 ## - FUENTE DE CATALOGACIÓN
Centro catalogador/agencia de origen DLC
Lengua de catalogación eng
Centro/agencia transcriptor DLC
041 ## - CÓDIGO DE IDIOMA
Código de lengua del texto/banda sonora o título independiente spa
042 ## - CÓDIGO DE AUTENTICACIÓN
Código de autenticación pcc
043 ## - CÓDIGO DE ÁREA GEOGRÁFICA
Código de área geográfica e-sp---
050 14 - SIGNATURA TOPOGRÁFICA DE LA BIBLIOTECA DEL CONGRESO
Número de clasificación BX 1585
Número de ítem L864p 2013
082 00 - NÚMERO DE LA CLASIFICACIÓN DECIMAL DEWEY
Número de clasificación 268
100 1# - ENTRADA PRINCIPAL--NOMBRE DE PERSONA
Nombre de persona López Villaverde, Angel Luis,
Fechas asociadas al nombre 1963-
245 13 - MENCIÓN DEL TÍTULO
Título El poder de la iglesia en la España contemporánea :
Resto del título la llave de las almas y de las aulas /
Mención de responsabilidad, etc. Ángel Luis López Villaverde.
264 #1 - PRODUCCIÓN, PUBLICACIÓN, DISTRIBUCIÓN, FABRICACIÓN Y COPYRIGHT
Producción, publicación, distribución, fabricación y copyright Madrid :
Nombre del de productor, editor, distribuidor, fabricante Los Libros de la Catarata,
Fecha de producción, publicación, distribución, fabricación o copyright 2013.
300 ## - DESCRIPCIÓN FÍSICA
Extensión 206 páginas ;
Dimensiones 21 cm.
336 ## - TIPO DE CONTENIDO
Término de tipo de contenido text
Fuente rdacontent
337 ## - TIPO DE MEDIO
Nombre/término del tipo de medio unmediated
Fuente rdamedia
338 ## - TIPO DE SOPORTE
Nombre/término del tipo de soporte volume
Fuente rdacarrier
490 0# - MENCIÓN DE SERIE
Mención de serie Serie Estudios socioculturales ;
Designación de volumen o secuencia 430
504 ## - NOTA DE BIBLIOGRAFÍA, ETC.
Nota de bibliografía, etc. Incluye referencias bibliográficas (páginas 195-206).
610 20 - PUNTO DE ACCESO ADICIONAL DE MATERIA--NOMBRE DE ENTIDAD CORPORATIVA
Nombre de entidad corporativa o nombre de jurisdicción como elemento de entrada Catholic Church
Subdivisión geográfica Spain
Subdivisión general History
Subdivisión cronológica 20th century.
610 20 - PUNTO DE ACCESO ADICIONAL DE MATERIA--NOMBRE DE ENTIDAD CORPORATIVA
Nombre de entidad corporativa o nombre de jurisdicción como elemento de entrada Catholic Church
Subdivisión geográfica Spain
Subdivisión general History
Subdivisión cronológica 21st century.
610 24 - PUNTO DE ACCESO ADICIONAL DE MATERIA--NOMBRE DE ENTIDAD CORPORATIVA
Nombre de entidad corporativa o nombre de jurisdicción como elemento de entrada Iglesia Católica
Subdivisión geográfica España
Subdivisión general Historia
650 #0 - PUNTO DE ACCESO ADICIONAL DE MATERIA--TÉRMINO DE MATERIA
Término de materia o nombre geográfico como elemento de entrada Church and state
Subdivisión geográfica Spain
Subdivisión general History.
650 #4 - PUNTO DE ACCESO ADICIONAL DE MATERIA--TÉRMINO DE MATERIA
Término de materia o nombre geográfico como elemento de entrada Iglesia y estado
Subdivisión geográfica España
9 (RLIN) 6793
650 #0 - PUNTO DE ACCESO ADICIONAL DE MATERIA--TÉRMINO DE MATERIA
Término de materia o nombre geográfico como elemento de entrada Christianity and politics
Subdivisión general Catholic Church.
650 #4 - PUNTO DE ACCESO ADICIONAL DE MATERIA--TÉRMINO DE MATERIA
Término de materia o nombre geográfico como elemento de entrada Cristianismo y política
9 (RLIN) 45
651 #0 - PUNTO DE ACCESO ADICIONAL DE MATERIA--NOMBRE GEOGRÁFICO
Nombre geográfico Spain
Subdivisión general Church history.
830 #0 - PUNTO DE ACCESO ADICIONAL DE SERIE-TÍTULO UNIFORME
9 (RLIN) 28698
Título uniforme Estudios socioculturales ;
906 ## - ELEMENTOS DE DATOS F LOCAL, LDF (RLIN)
a 7
b cbc
c origres
d 2
e ncip
f 20
g y-gencatlg
942 ## - ELEMENTOS DE ENTRADA SECUNDARIOS (KOHA)
Fuente del sistema de clasificación o colocación Clasificación de Library of Congress
Tipo de ítem Koha Libro
Holdings
Estatus retirado Estado de pérdida Estado de daño No para préstamo Colección Biblioteca de origen Biblioteca actual Ubicación en estantería Fecha de adquisición Signatura topográfica completa Código de barras Visto por última vez Copia número Tipo de ítem Koha
        Humanidades Biblioteca Juan Bosch Biblioteca Juan Bosch Humanidades (4to. Piso) 02/03/2021 BX 1585 L864p 2013 00000138198 02/03/2021 1 Libro